MARC

LEADER 00000nam a2200000Ia 4500
001
008 160829s9999 xx 000 0 cat d
245 |a Homenaje de Cádiz a Barcelona 
260 |a San Jorge, núm. 100 (abril 1977), pàg 59 
650 |a Iberia   |9 45540 
650 |a Línies aèries  |x Jerez de la Frontera   |9 45541 
650 |a Línies aèries  |x Barcelona I  |9 45542 
650 |a DC-9 (Avions)  |9 45543 
901 |a Arxiu 
942 |n 1 
952 |0 0  |1 0  |4 0  |7 1  |9 52662  |a Arxiu  |b Arxiu  |d 2016-12-01  |l 0  |r 2016-12-01 00:00:00  |w 2016-12-01  |y ARXIU 
999 |c 56511  |d 56511